| 000 | 00702cam a2200205 4500 | ||
|---|---|---|---|
| 001 | WB3608-06 | ||
| 008 | 000000n2000 000 0 eng u | ||
| 035 | _a(Sirsi) u104347 | ||
| 245 | _aBank lending to property breaks record | ||
| 260 | _c2000 | ||
| 490 |
_aEstates Gazette _v(0007) 19 February 2000, 49(1) |
||
| 520 | _aAccording to the latest Bank of England figures, bank lending to property companies topped the £40bn mark for the first time in 1999. Graph. | ||
| 590 | _aWB | ||
| 650 | _aBANK OF ENGLAND | ||
| 650 | _aDEBT | ||
| 650 | _aBANK LENDING | ||
| 650 | _aPROPERTY COMPANIES | ||
| 690 | _aPROPERTY-COMMERCIAL PROPERTY-COMMERCIAL PROPERTY FINANCE AND INVESTMENT | ||
| 942 | _n0 | ||
| 999 |
_c62599 _d62599 |
||